000
00261nam a22001097a 4500
008
170125b xxu||||| |||| 00| 0 eng d
020
_a
9780534370688
041
_a
eng
080
_2
5TH
_a
61
245
_a
FUNDAMENTALS OF BIOSTATISTICS
_c
ROSNER, B
942
_2
udc
_c
BK
999
_c
3653
_d
3653